| 000 | 00412nam a2200157Ia 4500 | ||
|---|---|---|---|
| 003 | OSt | ||
| 005 | 20230601104551.0 | ||
| 008 | 211028s2013 xx 000 0 und d | ||
| 040 | _cAIMIT LIBRARY | ||
| 041 | _aeng | ||
| 100 |
_aNikshape;Santhosh, B. _98438 _e111917 |
||
| 110 |
_aSanthosh B _98439 |
||
| 245 | _aCubsBrain.in: a social networking site for kids. | ||
| 260 |
_aMangalore _c2013 |
||
| 942 |
_2ddc _cPRO |
||
| 999 |
_c219888 _d219888 |
||